[Event "Russian Championship G15 1st league 2016"]
[Site "Loo"]
[Date "2016.04.21"]
[Round "2.22"]
[White "Kolesnikova, Kseniya"]
[Black "Oglezneva, Polina"]
[Result "1-0"]
[WhiteElo "1526"]
[BlackElo "1380"]
[PlyCount "87"]
[EventDate "2016.04.20"]

1. e3 e5 2. Nc3 Nf6 3. a3 Nc6 4. d4 exd4 5. exd4 d5 6. Nf3 a6 7. Be2 Be6 8. O-O
Bd6 9. Ng5 Bf5 10. f4 h6 11. Nf3 O-O 12. Ne5 Ne7 13. Bd3 c6 14. Ne2 Ne4 15. c3
Re8 16. Bxe4 Bxe4 17. Ng3 Bh7 18. Qg4 Qc8 19. f5 Kf8 20. Qh5 Bxe5 21. dxe5 Ng8
22. e6 Qc7 23. Bf4 Qb6+ 24. Kh1 g6 25. Bxh6+ Ke7 26. Bg5+ Kd6 27. Qxh7 fxe6 28.
Bf4+ e5 29. Qxg6+ Kd7 30. Bg5 Qc7 31. f6 Rf8 32. Qf5+ Kd6 33. Rae1 Qf7 34.
Qxe5+ Kd7 35. Qf5+ Kc7 36. Bf4+ Kb6 37. Be3+ Kc7 38. Bf4+ Kb6 39. Be3+ Kc7 40.
Qf4+ Kd7 41. Bc5 Rfe8 42. Qd6+ Kc8 43. Rxe8+ Qxe8 44. f7 1-0

[Event "Russian Championship G15 1st league 2016"]
[Site "Loo"]
[Date "2016.04.21"]
[Round "2.23"]
[White "Muratova, Anastasiya"]
[Black "Nerusheva, Arina"]
[Result "1/2-1/2"]
[WhiteElo "1327"]
[BlackElo "1513"]
[PlyCount "84"]
[EventDate "2016.04.20"]

1. d4 Nf6 2. g3 d5 3. Bg2 c6 4. Nf3 Bf5 5. a3 h6 6. Nbd2 Nbd7 7. c4 e6 8. O-O
Be7 9. b4 O-O 10. Bb2 a5 11. bxa5 Qxa5 12. Qb3 Qc7 13. cxd5 exd5 14. e3 Ra6 15.
Qc3 Ne4 16. Qc1 Rfa8 17. Rd1 Nb6 18. Nxe4 Bxe4 19. Nd2 Bxg2 20. Kxg2 Na4 21. e4
Nxb2 22. Qxb2 Bxa3 23. Qc2 dxe4 24. Qxe4 Qe7 25. Qc2 Qd7 26. Nc4 Be7 27. Rab1
Ra2 28. Qb3 Qf5 29. Rf1 Qd5+ 30. Kg1 Qxd4 31. Qxb7 Bc5 32. Ne3 Qe4 33. Rbe1
R8a3 34. Qc8+ Kh7 35. Qf5+ Qxf5 36. Nxf5 Rf3 37. Ne3 Bxe3 38. Rxe3 Rxe3 39.
fxe3 f6 40. Rc1 Ra6 41. h3 Kg6 42. Kf2 Kf7 1/2-1/2

[Event "Russian Championship G15 1st league 2016"]
[Site "Loo"]
[Date "2016.04.21"]
[Round "2.24"]
[White "Schegoleva, Sofia"]
[Black "Belova, Kseniya"]
[Result "1-0"]
[WhiteElo "1501"]
[BlackElo "1355"]
[PlyCount "117"]
[EventDate "2016.04.20"]

1. e4 e5 2. Nf3 Nc6 3. d4 exd4 4. Nxd4 Bc5 5. Be3 Qf6 6. c3 Nge7 7. Bc4 O-O 8.
O-O Ne5 9. Bb3 d6 10. f4 Ng4 11. Qf3 Qh4 12. h3 Nxe3 13. Qxe3 Nc6 14. Kh1 Be6
15. Qd3 Bd7 16. Nd2 Rae8 17. N2f3 Qxf4 18. Nd2 Qe5 19. Nf5 Ne7 20. Nc4 Qe6 21.
Nb6 d5 22. Nxe7+ Qxe7 23. Nxd7 dxe4 24. Qb5 c6 25. Qxc5 Qxd7 26. Rad1 Qc7 27.
Qe3 c5 28. Bd5 Kh8 29. g4 g6 30. Rf6 Qe7 31. Rdf1 Rd8 32. Qxe4 Qc7 33. Rxf7
Rxf7 34. Rxf7 Qg3 35. Rf3 Qd6 36. Bb3 b6 37. Qf4 c4 38. Qxd6 Rxd6 39. Bxc4 Rd2
40. g5 Rd8 41. Rf7 Ra8 42. Kg2 a6 43. a4 Rd8 44. Kg3 Re8 45. Kf3 Ra8 46. Kg2
Rd8 47. Rf6 b5 48. axb5 axb5 49. Bxb5 Rb8 50. Bc4 Rc8 51. b3 Re8 52. Kf3 Kg7
53. Rf7+ Kh8 54. Bd5 Rc8 55. c4 Rb8 56. b4 Rc8 57. b5 Rb8 58. b6 Rxb6 59. Rf8+
1-0

[Event "Russian Championship G15 1st league 2016"]
[Site "Loo"]
[Date "2016.04.21"]
[Round "2.25"]
[White "Esenina, Elena"]
[Black "Egorova, Valentina S"]
[Result "0-1"]
[WhiteElo "1266"]
[BlackElo "1487"]
[PlyCount "103"]
[EventDate "2016.04.20"]

1. g3 e5 2. Bg2 Nf6 3. d3 Bc5 4. Nf3 d6 5. O-O Nc6 6. c4 h6 7. Nc3 O-O 8. a3
Nd4 9. b4 Nxf3+ 10. Bxf3 Bd4 11. Bb2 c6 12. Qc2 Bh3 13. Bg2 Qd7 14. Ne4 Nxe4
15. dxe4 Bxb2 16. Qxb2 Be6 17. Rac1 Qc7 18. e3 Qb6 19. c5 dxc5 20. Rxc5 f6 21.
Rb1 Rfd8 22. Qc2 a6 23. Bf1 Rd7 24. Bc4 Bxc4 25. Qxc4+ Kh7 26. Qb3 Rad8 27. Kg2
Qc7 28. Rcc1 Rd3 29. Rc3 Qd7 30. Rbc1 Rxc3 31. Rxc3 Qg4 32. Qc2 Qd7 33. Qb3 Qd2
34. Rc2 Qd3 35. Qxd3 Rxd3 36. Ra2 Kg6 37. Kf3 Kf7 38. Ke2 Rd6 39. Rd2 Ke6 40.
Rxd6+ Kxd6 41. Kd3 b5 42. Kc3 c5 43. h3 c4 44. f4 Ke6 45. f5+ Kf7 46. g4 g6 47.
Kd2 g5 48. Kc3 Ke7 49. Kd2 Kd6 50. Kc3 Kc6 51. Kd2 Kb6 52. Kc3 0-1

[Event "Russian Championship G15 1st league 2016"]
[Site "Loo"]
[Date "2016.04.21"]
[Round "2.26"]
[White "Moiseeva, Polina"]
[Black "Khairullina, Gulshat"]
[Result "0-1"]
[WhiteElo "1485"]
[BlackElo "1157"]
[PlyCount "120"]
[EventDate "2016.04.20"]

1. e4 e5 2. Nf3 Nc6 3. d4 exd4 4. Bc4 Bb4+ 5. c3 dxc3 6. bxc3 Bc5 7. Ng5 Nh6 8.
O-O O-O 9. Qh5 Qf6 10. Nxf7 Nxf7 11. Qxc5 d6 12. Qh5 Nce5 13. Bg5 Qg6 14. Qxg6
Nxg6 15. Be3 Nge5 16. Bb3 Kh8 17. Na3 a6 18. h3 Bd7 19. f4 Nc6 20. Rad1 Rae8
21. e5 Be6 22. Bxe6 Rxe6 23. Rd5 dxe5 24. fxe5 Kg8 25. Bc5 Rd8 26. Rxd8+ Ncxd8
27. Nc2 Rxe5 28. Bd4 Re6 29. Ne3 Nc6 30. Nf5 Nxd4 31. Nxd4 Re3 32. Rc1 Kf8 33.
Kf2 Re5 34. Rc2 Nd6 35. Kf3 Nb5 36. Kf4 Nxd4 37. cxd4 Re7 38. g4 Ke8 39. Rc5
Kd7 40. Rh5 h6 41. Re5 Re6 42. Rf5 Kd6 43. h4 b6 44. g5 hxg5+ 45. hxg5 g6 46.
Rf7 c5 47. Rf6 cxd4 48. Rxe6+ Kxe6 49. Ke4 d3 50. Kxd3 Kf5 51. Kc4 Kxg5 52. Kd5
Kf6 53. Kc6 b5 54. a3 g5 55. Kb6 g4 56. Kxa6 g3 57. Kxb5 g2 58. a4 g1=Q 59. a5
Qa7 60. a6 Ke6 0-1

[Event "Russian Championship G15 1st league 2016"]
[Site "Loo"]
[Date "2016.04.21"]
[Round "2.27"]
[White "Pervukhina, Ekaterina"]
[Black "Polomoshnova, Mariya"]
[Result "0-1"]
[WhiteElo "1101"]
[BlackElo "1481"]
[PlyCount "86"]
[EventDate "2016.04.20"]

1. e4 c6 2. d4 d5 3. e5 Bf5 4. Nf3 e6 5. Bd3 Bxd3 6. Qxd3 Nd7 7. O-O c5 8. c3
c4 9. Qc2 Ne7 10. Be3 Nc6 11. Nbd2 Be7 12. b3 b5 13. a4 a6 14. axb5 axb5 15.
Rxa8 Qxa8 16. bxc4 bxc4 17. Rb1 O-O 18. Qd1 Qa3 19. Rb7 Rd8 20. Nb1 Qa6 21. Rb2
Rb8 22. Rxb8+ Ndxb8 23. Bg5 Bxg5 24. Nxg5 h6 25. Nf3 Qa1 26. Qc2 Na7 27. Nfd2
Nb5 28. g4 Nd7 29. Kg2 Nb6 30. h4 Na4 31. g5 hxg5 32. hxg5 Nbxc3 33. Nxc3 Nxc3
34. g6 Nb5 35. Nf3 Qa7 36. Qb1 Nc3 37. Qb4 Ne4 38. Nh4 fxg6 39. Nxg6 Qf7 40.
Qb8+ Kh7 41. Nf8+ Kh6 42. Qd8 Qxf2+ 43. Kh1 Ng3# 0-1

[Event "Russian Championship G15 1st league 2016"]
[Site "Loo"]
[Date "2016.04.21"]
[Round "2.28"]
[White "Voskresenskaya, Alevtina"]
[Black "Leontieva, Lada"]
[Result "1-0"]
[WhiteElo "1478"]
[BlackElo "1071"]
[PlyCount "119"]
[EventDate "2016.04.20"]

1. e4 e5 2. Nf3 Nf6 3. d3 Nc6 4. Nc3 Bb4 5. Bd2 d6 6. Be2 Be6 7. O-O O-O 8. a3
Bxc3 9. Bxc3 Bg4 10. Ne1 Bxe2 11. Qxe2 Qd7 12. b4 Rfe8 13. Nf3 a6 14. Rad1 Rad8
15. Rd2 d5 16. Rfd1 d4 17. Bb2 Nh5 18. g3 Qg4 19. Nxd4 Qh3 20. Nf3 Nf6 21. Qf1
Qh5 22. Qe2 Ng4 23. Nh4 g5 24. h3 gxh4 25. Qxg4+ Qxg4 26. hxg4 hxg3 27. fxg3
Rd6 28. Rh2 Nd4 29. Bxd4 exd4 30. Kg2 Rc6 31. Kf3 Rf6+ 32. Ke2 Rg6 33. Rh4 f6
34. Rdh1 Re7 35. Kf3 Rgg7 36. Kf4 Re5 37. Rh5 Reg5 38. R1h4 b6 39. Rh6 R5g6 40.
Kf5 Rxh6 41. Rxh6 Rg5+ 42. Kxf6 Rxg4 43. Rh3 c5 44. bxc5 bxc5 45. Ke5 Rg5+ 46.
Kd6 h5 47. e5 Kf7 48. Kxc5 Rxe5+ 49. Kxd4 Ke6 50. c4 Ra5 51. Rh4 Kd7 52. a4 Kc6
53. Ke4 Kd6 54. d4 Ke7 55. c5 Rxa4 56. Rxh5 Ra1 57. Kd5 Kd8 58. Kd6 Kc8 59. c6
Kb8 60. c7+ 1-0

[Event "Russian Championship G11 1st league 2016"]
[Site "Loo"]
[Date "2016.04.22"]
[Round "3.1"]
[White "Shestakova, Bogdana"]
[Black "Kalustova, Marina"]
[Result "1-0"]
[WhiteElo "1605"]
[BlackElo "1212"]
[PlyCount "81"]
[EventDate "2016.04.20"]

1. e4 c5 2. Nf3 Nc6 3. c3 d6 4. d3 Nf6 5. g3 g6 6. Bg2 Bg7 7. O-O O-O 8. h3 b5
9. Re1 Nd7 10. Qb3 Rb8 11. Bf4 Ba6 12. Nbd2 Qc7 13. Rac1 Rb6 14. d4 cxd4 15.
cxd4 b4 16. d5 Nc5 17. Rxc5 e5 18. Rxc6 Rxc6 19. dxc6 exf4 20. gxf4 Rb8 21. Rc1
Rb6 22. Nf1 Bb5 23. Ne3 Bxc6 24. Nd5 Bxd5 25. Rxc7 Bxb3 26. axb3 Bxb2 27. Rxa7
Rc6 28. Ra2 Ba3 29. Nd2 Rc1+ 30. Kh2 Kf8 31. Nc4 Ke7 32. Nxa3 bxa3 33. Rxa3 Ke6
34. b4 Rb1 35. Ra4 Kd7 36. Kg3 Kc6 37. Ra7 Rxb4 38. Rxf7 Kc5 39. Rxh7 Kd4 40.
Rh6 Kd3 41. Rxg6 1-0

[Event "Russian Championship G11 1st league 2016"]
[Site "Loo"]
[Date "2016.04.22"]
[Round "3.2"]
[White "Anchikova, Olga"]
[Black "Fedoricheva, Ekaterina"]
[Result "1/2-1/2"]
[WhiteElo "1217"]
[BlackElo "1387"]
[PlyCount "80"]
[EventDate "2016.04.20"]

1. d4 Nf6 2. c4 e5 3. dxe5 Ng4 4. Bf4 Nc6 5. Nf3 Bb4+ 6. Nbd2 Qe7 7. e3 Ngxe5
8. Nxe5 Nxe5 9. Be2 d6 10. O-O Bf5 11. Nb3 O-O 12. a3 Bc5 13. Nxc5 dxc5 14. Qb3
b6 15. Rad1 Rad8 16. Qc3 Ng6 17. Bg3 h6 18. b4 cxb4 19. Qxb4 c5 20. Qb2 Rfe8
21. Rd2 Rxd2 22. Qxd2 Rd8 23. Qc1 Bd3 24. Bxd3 Rxd3 25. Rd1 Qd7 26. Rxd3 Qxd3
27. Bb8 a6 28. Ba7 Qb3 29. h3 Ne7 30. Bb8 Nc6 31. Bf4 Na5 32. Qd2 Nxc4 33. Qd8+
Kh7 34. Bc7 b5 35. Qc8 Qxa3 36. Qf5+ Kg8 37. Qc8+ Kh7 38. Qf5+ Kg8 39. Qc8+ Kh7
40. Qf5+ Kg8 1/2-1/2

[Event "Russian Championship G11 1st league 2016"]
[Site "Loo"]
[Date "2016.04.22"]
[Round "3.3"]
[White "Zaytseva, Dariya"]
[Black "Oyun, Sayudi"]
[Result "1-0"]
[WhiteElo "1382"]
[BlackElo "1163"]
[PlyCount "77"]
[EventDate "2016.04.20"]

1. d4 d5 2. c4 c6 3. cxd5 Qxd5 4. Nc3 Qa5 5. Bd2 Qb6 6. Nf3 Nf6 7. Qc2 Bg4 8.
Na4 Qc7 9. g3 g6 10. Ne5 Bf5 11. Qb3 Be4 12. f3 Bd5 13. Qc3 b5 14. Nc5 Nbd7 15.
e4 Nxc5 16. Qxc5 Be6 17. Bxb5 Rd8 18. Bxc6+ Nd7 19. Bxd7+ Rxd7 20. Nxd7 Qxd7
21. Qe5 f6 22. Qb8+ Kf7 23. Qb4 Bh3 24. Qb3+ e6 25. O-O-O Be7 26. Ba5 Rc8+ 27.
Kb1 Bg2 28. Rhg1 Bh3 29. g4 Qd6 30. Rg3 Rb8 31. Qc3 Qa6 32. Rxh3 Rc8 33. Qd2
Rb8 34. Rxh7+ Kg8 35. Rxe7 Kf8 36. Bb4 Kg8 37. Qh6 Qd3+ 38. Rxd3 Rxb4 39. Qg7#
1-0

[Event "Russian Championship G11 1st league 2016"]
[Site "Loo"]
[Date "2016.04.22"]
[Round "3.4"]
[White "Zavivaeva, Evelina"]
[Black "Krasnikova, Regina"]
[Result "1/2-1/2"]
[WhiteElo "1217"]
[BlackElo "1371"]
[PlyCount "126"]
[EventDate "2016.04.20"]

1. e4 e5 2. Nf3 Nc6 3. Bc4 Nf6 4. d3 h6 5. c3 Be7 6. Be3 O-O 7. Nbd2 d6 8. Bb3
d5 9. exd5 Nxd5 10. Nf1 Bg4 11. h3 Bh5 12. Qe2 Re8 13. Ng3 Bg6 14. O-O Nxe3 15.
Qxe3 Qxd3 16. Qe1 Qd6 17. Rd1 Qf6 18. Rd7 Bd6 19. Ne4 Qf5 20. Rxd6 cxd6 21.
Nxd6 Qf4 22. Nxe8 Rxe8 23. Qe3 Qxe3 24. fxe3 Kh7 25. Rd1 e4 26. Nd4 Rd8 27.
Nxc6 Rxd1+ 28. Bxd1 bxc6 29. Kf2 Bf5 30. g4 Bd7 31. Bc2 f5 32. gxf5 Bxf5 33. h4
Kg6 34. Kg3 Kf6 35. Bd1 g5 36. h5 Ke5 37. Bg4 a6 38. Bxf5 Kxf5 39. b4 Ke5 40.
c4 Kd6 41. Kg4 Ke5 42. a4 Ke6 43. b5 cxb5 44. cxb5 axb5 45. axb5 Kd6 46. b6 Kc6
47. b7 Kxb7 48. Kf5 Kc6 49. Kxe4 Kd6 50. Kf5 Ke7 51. e4 Kf7 52. e5 Ke7 53. e6
Ke8 54. Kg4 Kf8 55. Kf5 Ke7 56. Ke5 Ke8 57. Kf5 Kf8 58. Kg4 Ke8 59. Kf5 Ke7 60.
Ke5 g4 61. Kf4 g3 62. Kxg3 Kxe6 63. Kf4 Kf6 1/2-1/2

[Event "Russian Championship G11 1st league 2016"]
[Site "Loo"]
[Date "2016.04.22"]
[Round "3.5"]
[White "Dorokhina, Elizaveta"]
[Black "Kiryanova, Kristina"]
[Result "1/2-1/2"]
[WhiteElo "1344"]
[BlackElo "1100"]
[PlyCount "80"]
[EventDate "2016.04.20"]

1. e4 c5 2. Nf3 e6 3. d4 cxd4 4. Nxd4 a6 5. Nc3 Qc7 6. Be3 Bc5 7. a3 Nf6 8. h3
b5 9. Qd3 Bb7 10. Be2 d6 11. O-O-O Nbd7 12. f4 Bb6 13. Nb3 Bxe3+ 14. Qxe3 O-O-O
15. Rd2 Qb6 16. Qxb6 Nxb6 17. Bf3 Nc4 18. Rd3 d5 19. Nc5 dxe4 20. Rxd8+ Rxd8
21. Nxb7 Kxb7 22. Nxe4 Nxe4 23. Bxe4+ Kb6 24. Bd3 Ne3 25. g4 Nd5 26. Rf1 g6 27.
Kb1 f5 28. Ka2 b4 29. Kb3 bxa3 30. Kxa3 fxg4 31. hxg4 Kc5 32. f5 exf5 33. gxf5
Rf8 34. fxg6 Rxf1 35. Bxf1 hxg6 36. Bxa6 Nb4 37. Bf1 Nxc2+ 38. Kb3 Nd4+ 39. Ka4
Nc6 40. Bd3 g5 1/2-1/2

[Event "Russian Championship G11 1st league 2016"]
[Site "Loo"]
[Date "2016.04.22"]
[Round "3.6"]
[White "Bodrykh, Maya"]
[Black "Stakina, Melissa"]
[Result "1/2-1/2"]
[WhiteElo "1022"]
[BlackElo "1332"]
[PlyCount "105"]
[EventDate "2016.04.20"]

1. e4 e5 2. Nf3 Nc6 3. Bb5 a6 4. Ba4 Nf6 5. O-O Be7 6. d3 b5 7. Bb3 d6 8. c3
O-O 9. Re1 Na5 10. Bc2 c5 11. a3 Qc7 12. b4 cxb4 13. axb4 Nc6 14. h3 Bb7 15.
Be3 Rac8 16. Qd2 Nxb4 17. cxb4 Qxc2 18. Qxc2 Rxc2 19. Rc1 Rxc1+ 20. Bxc1 d5 21.
exd5 Nxd5 22. Nxe5 Bf6 23. Bb2 Nxb4 24. Bc3 Bxe5 25. Bxe5 Nxd3 26. Bg3 Rc8 27.
Nd2 Rc1+ 28. Rxc1 Nxc1 29. Bc7 Kf8 30. Kf1 Ke7 31. g3 Kd7 32. Ba5 Bd5 33. Ke1
Nb3 34. Nxb3 Bxb3 35. Kd2 Kc6 36. Kc3 Be6 37. h4 Kd5 38. Kb4 Kd4 39. Bb6+ Kd3
40. Ba7 Bc4 41. Bb6 f5 42. Be3 Kc2 43. Bd4 g6 44. Bg7 Kd3 45. Bf6 Ke4 46. Bg7
f4 47. gxf4 Kxf4 48. Bh6+ Kg4 49. Bg5 Kh5 50. Be7 Kg4 51. Bg5 Kf3 52. Be3 Ke4
53. Bh6 1/2-1/2

[Event "Russian Championship G11 1st league 2016"]
[Site "Loo"]
[Date "2016.04.22"]
[Round "3.12"]
[White "Vidershpan, Viktoriia"]
[Black "Borodkina, Sofia"]
[Result "0-1"]
[WhiteElo "1204"]
[BlackElo "1415"]
[PlyCount "94"]
[EventDate "2016.04.20"]

1. e4 c5 2. Nf3 d6 3. Bb5+ Bd7 4. Bxd7+ Nxd7 5. O-O Ngf6 6. Re1 Qc7 7. c3 e6 8.
d4 Be7 9. Nbd2 a6 10. Nf1 O-O 11. Ng3 Rfd8 12. Qe2 Rac8 13. h3 Qb6 14. Be3 Qc6
15. Bf4 b5 16. Rac1 Qb6 17. Red1 h6 18. e5 Nd5 19. Be3 dxe5 20. Nxe5 Nxe5 21.
dxe5 Qc7 22. Bd2 Nb6 23. Bf4 Nd5 24. Bd2 Bf8 25. Re1 Ne7 26. Rcd1 Ng6 27. Nh5
Rd5 28. f4 Rcd8 29. Be3 Qc6 30. Rxd5 Rxd5 31. Rd1 Nh4 32. Rxd5 Qxd5 33. Qf2
Qd1+ 34. Qf1 Qxh5 35. Qf2 c4 36. Qd2 Qg6 37. Qf2 Qb1+ 38. Kh2 Nf5 39. Bd4 Nxd4
40. Qxd4 Kh7 41. Qf2 Qf5 42. a3 Be7 43. Kh1 Bg5 44. Kg1 Qxf4 45. Qe2 Qe3+ 46.
Qxe3 Bxe3+ 47. Kf1 Bc1 0-1

[Event "Russian Championship G11 1st league 2016"]
[Site "Loo"]
[Date "2016.04.22"]
[Round "3.14"]
[White "Korzhova, Lidija"]
[Black "Romanenkova, Ekaterina"]
[Result "0-1"]
[WhiteElo "1293"]
[BlackElo "1216"]
[PlyCount "124"]
[EventDate "2016.04.20"]

1. e4 Nf6 2. Nc3 e5 3. Nf3 Nc6 4. d4 exd4 5. Nxd4 Bb4 6. Nxc6 Bxc3+ 7. bxc3
bxc6 8. Bd3 O-O 9. Bg5 h6 10. Bh4 Re8 11. O-O d5 12. Qe1 dxe4 13. Bxe4 Qd6 14.
Rd1 Qf4 15. Bxf6 Rxe4 16. Rd4 Rxe1 17. Rxf4 Rxf1+ 18. Kxf1 gxf6 19. Rxf6 Ba6+
20. Ke1 Re8+ 21. Kd2 Bb5 22. Rxh6 Re2+ 23. Kd1 Rxf2 24. g3 Ba4 25. Rh4 Bxc2+
26. Ke1 Rf3 27. Kd2 Bb1 28. a4 Rf2+ 29. Ke3 Rc2 30. Kd4 Ra2 31. Ke5 Bc2 32.
Rg4+ Bg6 33. h4 Re2+ 34. Kd4 Kh7 35. h5 Bf5 36. Rf4 Be6 37. Kd3 Rh2 38. g4 Rh3+
39. Kd4 Rh4 40. Kd3 f5 41. Ke3 Rxg4 42. Rf2 Rg3+ 43. Kd4 Rg4+ 44. Ke5 Bd7 45.
Rd2 Re4+ 46. Kf6 Re6+ 47. Kg5 Rd6 48. Re2 Re6 49. Rd2 Re7 50. Kf6 Rg7 51. c4 c5
52. a5 a6 53. Rd5 c6 54. Rd2 f4 55. Re2 Bg4 56. Rd2 Bxh5 57. Rh2 Kh6 58. Ke5
Rf7 59. Ke4 f3 60. Ke3 f2 61. Rxf2 Rxf2 62. Kxf2 Bf7 0-1

[Event "Russian Championship G11 2016"]
[Site "Loo"]
[Date "2016.04.22"]
[Round "3.1"]
[White "Zvereva, Margarita"]
[Black "Palchun, Polina"]
[Result "1-0"]
[WhiteElo "1768"]
[BlackElo "1431"]
[PlyCount "129"]
[EventDate "2016.04.20"]

1. e4 e5 2. Nf3 Nc6 3. Bb5 a6 4. Ba4 Nge7 5. O-O g6 6. Bb3 Bg7 7. Ng5 O-O 8. f4
Na5 9. f5 Nxb3 10. axb3 Nc6 11. d3 d6 12. c3 Bf6 13. Qg4 Kg7 14. Nf3 Kh8 15.
Ne1 Rg8 16. Qf3 gxf5 17. exf5 Ne7 18. Qh5 Qf8 19. Bh6 Qe8 20. Nd2 Nd5 21. Ne4
Qe7 22. Rf3 Nf4 23. Bxf4 exf4 24. Rxf4 d5 25. Nxf6 Qxf6 26. Nf3 Qg7 27. g3 f6
28. Raa4 Qe7 29. Rh4 Re8 30. Qh6 b5 31. Ra1 Qe3+ 32. Qxe3 Rxe3 33. Kf2 Re7 34.
Nd4 c5 35. Ne2 Bxf5 36. Nf4 d4 37. g4 Bxd3 38. Nxd3 dxc3 39. bxc3 c4 40. bxc4
bxc4 41. Nb4 Rae8 42. Ra2 Re5 43. Nxa6 f5 44. g5 Rg8 45. Kf3 Rge8 46. Rxc4 Re3+
47. Kf4 Rh3 48. Kxf5 Rf3+ 49. Kg4 Rf1 50. Rf4 Rg1+ 51. Kh4 Rg8 52. Rg4 Rc1 53.
c4 Rg6 54. Nb4 h6 55. Rc2 hxg5+ 56. Kh5 Rxc2 57. Nxc2 Rg7 58. Rxg5 Rh7+ 59. Kg4
Rc7 60. c5 Kh7 61. h4 Kh6 62. Kf4 Ra7 63. Ke4 Ra4+ 64. Nd4 Ra8 65. c6 1-0

[Event "Russian Championship G11 2016"]
[Site "Loo"]
[Date "2016.04.22"]
[Round "3.2"]
[White "Kuznetsova, Marina"]
[Black "Cherepanova, Evita"]
[Result "0-1"]
[WhiteElo "1312"]
[BlackElo "1689"]
[PlyCount "120"]
[EventDate "2016.04.20"]

1. e4 e6 2. Qe2 Be7 3. Nf3 d5 4. exd5 exd5 5. g3 Nf6 6. Bg2 O-O 7. O-O Re8 8.
d3 Bg4 9. Be3 Nc6 10. c3 Bf8 11. Qc2 Qd7 12. Nbd2 Bf5 13. Nd4 Nxd4 14. Bxd4 Be7
15. Nf3 c5 16. Bxf6 Bxf6 17. Qd2 Re7 18. Rfe1 Rae8 19. Rxe7 Rxe7 20. Re1 Rxe1+
21. Qxe1 Qe6 22. d4 Qxe1+ 23. Nxe1 cxd4 24. cxd4 Bxd4 25. Bxd5 b6 26. b3 Kf8
27. Nf3 Bc5 28. Ne5 f6 29. Nc6 a5 30. Kg2 Ke8 31. Kf3 Kd7 32. Ke2 Kd6 33. Bg2
Bd7 34. Nb8 Bb5+ 35. Ke1 Kc7 36. a4 Be8 37. Na6+ Kd6 38. Nxc5 Kxc5 39. Kd2 Kd4
40. f4 Bf7 41. Kc2 Ke3 42. Bc6 Kf2 43. Be4 h5 44. Kc3 Kg1 45. h3 Kh2 46. g4 h4
47. g5 Kxh3 48. g6 Bg8 49. Bf5+ Kg3 50. Bd7 h3 51. f5 h2 52. Bc6 Kf2 53. b4 Kg1
54. bxa5 bxa5 55. Kd4 h1=Q 56. Bxh1 Kxh1 57. Kc5 Kg2 58. Kb5 Kg3 59. Kxa5 Kf4
60. Kb5 Bd5 0-1

[Event "Russian Championship G11 2016"]
[Site "Loo"]
[Date "2016.04.22"]
[Round "3.3"]
[White "Alekseenko, Mariya"]
[Black "Poliato, Irina"]
[Result "1-0"]
[WhiteElo "1604"]
[BlackElo "1140"]
[PlyCount "139"]
[EventDate "2016.04.20"]

1. e4 c6 2. d4 d5 3. e5 Bf5 4. Nc3 e6 5. a3 Nd7 6. Nf3 h6 7. Bd3 Bxd3 8. Qxd3
a6 9. O-O c5 10. Be3 cxd4 11. Bxd4 Ne7 12. Ne2 Nc6 13. b4 b5 14. c3 Qc7 15. Qe3
Be7 16. Nc1 O-O 17. Nd3 Rfc8 18. Nd2 Kh7 19. f4 g6 20. Nb3 Qb7 21. Nbc5 Nxc5
22. Nxc5 Bxc5 23. Bxc5 a5 24. Rf3 axb4 25. cxb4 Kg7 26. Rg3 Ne7 27. Qd3 Re8 28.
Rf1 Kh7 29. Rh3 Qd7 30. g4 Kg7 31. Rg3 Kh8 32. h4 Rab8 33. Rf2 Rg8 34. Rh2 Nc6
35. Bd6 Qa7+ 36. Bc5 Qd7 37. h5 g5 38. Qf3 Ra8 39. Rf2 Rae8 40. fxg5 Rxg5 41.
Qf6+ Kh7 42. Be3 Qe7 43. Bxg5 hxg5 44. Qxf7+ Qxf7 45. Rxf7+ Kg8 46. Rb7 Rd8 47.
Rxb5 Nd4 48. Rb6 Ne2+ 49. Kf2 Nxg3 50. Kxg3 d4 51. Kf2 Rf8+ 52. Ke2 Rf4 53.
Rxe6 Rxg4 54. Rg6+ Kf7 55. Kd3 Rg3+ 56. Kxd4 Rxa3 57. Rxg5 Rh3 58. b5 Rb3 59.
Kc4 Rb1 60. Kc5 Rc1+ 61. Kb6 Rb1 62. Ka6 Ra1+ 63. Kb7 Rb1 64. b6 Rb2 65. Rg6
Rh2 66. e6+ Ke7 67. h6 Rh3 68. Kb8 Rb3 69. b7 Rh3 70. Ka7 1-0

[Event "Russian Championship G11 2016"]
[Site "Loo"]
[Date "2016.04.22"]
[Round "3.7"]
[White "Platuschikhina, Darya"]
[Black "Vlasova, Olesia"]
[Result "1-0"]
[WhiteElo "1412"]
[BlackElo "1155"]
[PlyCount "53"]
[EventDate "2016.04.20"]

1. e4 c5 2. d4 cxd4 3. c3 dxc3 4. Nxc3 Nc6 5. Nf3 d6 6. Bc4 e6 7. O-O Nf6 8.
Qe2 Be7 9. Rd1 O-O 10. e5 Ne8 11. Bf4 d5 12. Ne1 Qb6 13. Bb3 Nd4 14. Qd3 Nxb3
15. axb3 Bc5 16. Qe2 Qxb3 17. Na4 Be7 18. Rdc1 Qb4 19. Bd2 Qh4 20. Nb6 axb6 21.
Rxa8 Bd7 22. Raa1 Bc5 23. g3 Qh3 24. b4 Bd4 25. Ra7 Bc6 26. b5 Bxe5 27. bxc6
1-0

[Event "Russian Championship G11 2016"]
[Site "Loo"]
[Date "2016.04.22"]
[Round "3.9"]
[White "Melenchuk, Olga"]
[Black "Trofanchuk, Aksinia"]
[Result "1-0"]
[WhiteElo "1579"]
[BlackElo "1320"]
[PlyCount "141"]
[EventDate "2016.04.20"]

1. c4 e5 2. Nc3 d6 3. Nf3 f5 4. d3 Nf6 5. e4 f4 6. d4 Nbd7 7. Be2 g6 8. O-O Bg7
9. dxe5 dxe5 10. Qc2 O-O 11. Rd1 c6 12. Nxe5 Qe7 13. Nxd7 Nxd7 14. f3 Qc5+ 15.
Kh1 Ne5 16. b3 Be6 17. Bb2 g5 18. Na4 Qf2 19. Rf1 Qh4 20. Nc5 Bc8 21. Nd3 Nxd3
22. Bxd3 Bf6 23. Bxf6 Rxf6 24. Qf2 Qh5 25. g3 fxg3 26. Qxg3 Bh3 27. Rf2 Raf8
28. Be2 Rf4 29. Rg1 h6 30. Rd1 Kg7 31. Rd3 Be6 32. Bf1 Qf7 33. Bh3 Bxh3 34.
Qxh3 g4 35. Qg3 Kh7 36. Kg2 h5 37. Kf1 gxf3 38. Qh3 Kg8 39. Rd7 Qf6 40. Rd1 Rh4
41. Qg3+ Rg4 42. Qh3 Rg5 43. a3 Rg2 44. Rxg2+ fxg2+ 45. Kxg2 Qf2+ 46. Kh1 Qf7
47. Rg1+ Kh8 48. Rd1 Qe8 49. Qc3+ Kh7 50. Qd3 Kh8 51. Qd4+ Kh7 52. Qd7+ Kh6 53.
Qxe8 Rxe8 54. Rd7 Rxe4 55. Rxb7 Re1+ 56. Kg2 Re2+ 57. Kg1 Rb2 58. b4 Rb1+ 59.
Kf2 Rb2+ 60. Ke1 Rc2 61. c5 Rxh2 62. Rc7 h4 63. Rxc6+ Kg5 64. Kf1 h3 65. Kg1
Ra2 66. Rc8 Rxa3 67. c6 Rg3+ 68. Kh2 Rc3 69. c7 Kg6 70. Rg8+ Kh5 71. c8=Q 1-0

[Event "Russian Championship G11 2016"]
[Site "Loo"]
[Date "2016.04.22"]
[Round "3.10"]
[White "Mikhalevich, Arina"]
[Black "Novozhilova, Polina"]
[Result "0-1"]
[WhiteElo "1310"]
[BlackElo "1494"]
[PlyCount "94"]
[EventDate "2016.04.20"]

1. e4 d5 2. exd5 Nf6 3. Nf3 c6 4. dxc6 Nxc6 5. d4 Bg4 6. c3 e6 7. Be3 Bd6 8.
Nbd2 Nd5 9. Bc4 Nxe3 10. fxe3 Qc7 11. Nf1 O-O 12. h3 Bg3+ 13. Ke2 Bh5 14. Nxg3
Qxg3 15. Qf1 Rac8 16. Bd3 Rfd8 17. Qf2 Qxf2+ 18. Kxf2 e5 19. Bc2 Bxf3 20. gxf3
exd4 21. exd4 Nxd4 22. Bxh7+ Kxh7 23. cxd4 Rxd4 24. Ke3 Rdc4 25. b3 Rc3+ 26.
Kf2 Rd8 27. Rhd1 Rdd3 28. Rxd3 Rxd3 29. Ke2 Rc3 30. Rd1 Rc2+ 31. Rd2 Rxd2+ 32.
Kxd2 Kg6 33. Ke3 Kg5 34. f4+ Kh4 35. f5 Kxh3 36. f6 g5 37. Kf2 g4 38. Kg1 Kg3
39. Kh1 Kf2 40. a3 b5 41. a4 bxa4 42. bxa4 a5 43. Kh2 g3+ 44. Kh3 g2 45. Kh4
g1=Q 46. Kh5 Kf3 47. Kh6 Qg6# 0-1

[Event "Russian Championship G11 2016"]
[Site "Loo"]
[Date "2016.04.22"]
[Round "3.11"]
[White "Magizova, Yana"]
[Black "Smagulova, Zhanbota"]
[Result "0-1"]
[WhiteElo "1490"]
[BlackElo "1289"]
[PlyCount "148"]
[EventDate "2016.04.20"]

1. d4 d5 2. c4 e6 3. Nc3 Nf6 4. Bg5 Be7 5. e3 h6 6. Bf4 a6 7. Nf3 O-O 8. Qc2 b6
9. cxd5 exd5 10. Bd3 Bb7 11. Ne5 Nbd7 12. h4 Nh5 13. g3 c5 14. Bf5 Nxe5 15.
Bxe5 cxd4 16. exd4 Bd6 17. Bxd6 Qxd6 18. O-O-O Rfe8 19. g4 Nf6 20. f3 Qf4+ 21.
Kb1 Re3 22. Bd3 Rxf3 23. g5 Ng4 24. gxh6 Qxh6 25. Qg2 Rf4 26. Rhe1 Qxh4 27. Rh1
Qe7 28. Rde1 Qd6 29. Bh7+ Kf8 30. Bd3 Nh6 31. Reg1 Rg4 32. Qf3 Rxg1+ 33. Rxg1
Qf6 34. Qe3 Re8 35. Qg3 Qxd4 36. Ne2 Qf6 37. Nf4 g6 38. Rf1 Nf5 39. Qh3 Ke7 40.
Bxa6 Qc6 41. Qa3+ Kd8 42. Rc1 Qd7 43. Qb3 Qd6 44. Bxb7 Qxf4 45. Qxd5+ Ke7 46.
Qc6 Kf8 47. Qxb6 Qd4 48. Qxd4 Nxd4 49. a4 Rb8 50. Bd5 f6 51. Rf1 Ke7 52. Ka2 g5
53. Rg1 Nc2 54. Be4 Nd4 55. Ka3 f5 56. Bd3 g4 57. b4 Kf6 58. b5 Kg5 59. Bf1 f4
60. Bh3 g3 61. Bg2 f3 62. Bxf3 Nxf3 63. Rxg3+ Kf4 64. Rg2 Ne5 65. Rb2 Nc4+ 66.
Kb3 Nxb2 67. Kxb2 Ke5 68. Kc3 Kd5 69. Kb4 Kd6 70. a5 Kc7 71. Kc5 Kb7 72. Kb4
Rc8 73. b6 Ka6 74. b7 Rb8 0-1